00847nam a22002537a 4500999001500000001000600015003000900021005001700030008004100047010001700088020002500105040002800130042000800158082001600166100001800182245005600200250001200256260004300268300003500311504006400346650004800410942001200458952012300470 c8414d841422045BD-DhUAP20240309154322.0240309b20072013ny |||| |||| 001 0ceng d a 2012024721 a9780230291379 (pbk.) aDLCcDLCdBD-DhUAPbeng apcc00a400 NUN2231 aNunan, David.10aWhat is this thing called language? /cDavid Nunan. a2nd ed. aNew York :bPalgrave Macmillan,c2013. axiii, 254 p. :bill. ;c22 cm. aIncludes bibliographical references (p. 234-239) and index. 0aLanguage and languagesxStudy and teaching. 2ddccBK 00102ddc4070aUAPCLbUAPCLcGeneral Stacksd2024-03-09o400 NUNp3010022045r2024-03-09t1v1619.00w2024-03-09yBK